Drittes Reich - Bildquiz - Statistiken

Allgemein
  • Dieses Quiz wurde 499 mal gespielt
  • Das Durchschnittsergebnis liegt bei 12 aus 21
Antwortstatistiken
Bildquiz Hint Antwort % Korrekt
Person Adolf Hitler
100%
Organisation Schutzstaffel
94%
Person Eva Braun
87%
Symbol Swastika
85%
Person Joseph Goebbels
82%
Stelle Auschwitz-Birkenau
80%
Person Heinrich Himmler
80%
Aktion (9. bis 10. November 1938) Kristallnacht
68%
Kriegsauszeichnun Eisernes Kreuz
63%
1936 Veranstaltung Olympische Sommerspiele, Berlin
62%
Person Hermann Göring
56%
Person Erwin Rommel
50%
Aktion (27. Februar 1933) Reichstagsbrand
49%
Operation (22. Juni 1941) Unternehmen Barbarossa
43%
Person Adolf Eichmann
38%
Aktion (12. März 1938) Anschluss
37%
Name des Hundes Blondi
37%
Veranstaltung(en) Reichsparteitag
36%
Organisation Sturmabteilung
26%
Organisation Luftwaffe
20%
bomber Messerschmitt Me 264
6%
Keine übereinstimmenden Quizze gefunden
Verteilung der Resultate
Anzahl Personen mit jedem Resultat
Perzentil nach korrekt beantworteten Fragen
Ihre Resultats-Entwicklung
Sie haben dieses Quiz noch nicht gespielt